Dron s kamerou ako (problematický) nástroj na prezentáciu

Drony: lietadlá spôsobilé lietať bez pilota. Štvorvrtuľové modely sa označujú ako quadrokoptéry, kvadrokoptéry. Jednoduchý a relatívne lacný nákup dronov verzus komplikovaná (vznikajúca) legislatíva. Stručný prehľad modelov: drony ako hračka, drony s kamerou, drony na profesionálne natáčanie videa....

Descrizione completa

Salvato in:
Dettagli Bibliografici
Autore principale: Poláček, Marian
Natura: Capitolo di libro
Lingua:slovacco
Soggetti:
Tags: Aggiungi Tag
Nessun Tag, puoi essere il primo ad aggiungerne!!

MARC

LEADER 00000naa$a2200000$$$4500
001 0250714
005 20251204130926.8
041 0 |a slo 
044 |a SK 
245 1 0 |a Dron s kamerou ako (problematický) nástroj na prezentáciu  |c Marian Poláček 
520 |a Drony: lietadlá spôsobilé lietať bez pilota. Štvorvrtuľové modely sa označujú ako quadrokoptéry, kvadrokoptéry. Jednoduchý a relatívne lacný nákup dronov verzus komplikovaná (vznikajúca) legislatíva. Stručný prehľad modelov: drony ako hračka, drony s kamerou, drony na profesionálne natáčanie videa. Technické údaje čínskeho modelu „vyššej strednej triedy“ DJI Phantom 3 Standard. Legislatíva spojená s dronmi. Rozhodnutie Dopravného úradu SR č. 1/2015. 
610 2 0 |a doprava 
610 2 0 |a drony 
610 2 0 |a doprava letecká 
610 2 0 |a lietadlá 
610 2 0 |a legislatíva 
610 2 0 |a predpisy 
610 2 0 |a prezentácia 
610 2 0 |a fotografia 
610 2 0 |a Slovensko 
100 1 |a Poláček, Marian